Central Library OPAC University of Rajshahi

Mind and body: (Record no. 1460)

MARC details
000 -LEADER
fixed length control field 00633cam a22002051 4500
001 - CONTROL NUMBER
control field 1460
003 - CONTROL NUMBER IDENTIFIER
rucl marc code BD-RjUL
005 - DATE AND TIME OF LATEST TRANSACTION
control field 20211208233336.0
008 - FIXED-LENGTH DATA ELEMENTS--GENERAL INFORMATION
fixed length control field 131125s1948 nyu 000 0 eng d
035 ## - SYSTEM CONTROL NUMBER
System control number (BD-RjUL)1483
040 ## - CATALOGING SOURCE
Original cataloging agency U.S. Army Medical Libr.
Transcribing agency BD-RjUL
Modifying agency BD-RjUL
-- NjSoVA
-- OCoLC
-- DLC
Language of cataloging eng
041 ## - LANGUAGE CODE
Language code of text/sound track or separate title eng
082 ## - DEWEY DECIMAL CLASSIFICATION NUMBER
Classification number 616.8
Author mark and year DUM 1948
100 1# - MAIN ENTRY--PERSONAL NAME
Personal name Dunbar, Helen Flanders
Dates associated with a name 1902-1959.
9 (RLIN) 4255
245 10 - TITLE STATEMENT
Title Mind and body:
Remainder of title psychosomatic medicine /
Statement of responsibility, etc. Helen Flanders Dunbar
260 ## - PUBLICATION, DISTRIBUTION, ETC. (IMPRINT)
Place of publication, distribution, etc. New York :
Name of publisher, distributor, etc. Random House,
Date of publication, distribution, etc. c1948.
300 ## - PHYSICAL DESCRIPTION
Pagination ix, 263 p. ;
Size 22 cm.
650 #0 - SUBJECT ADDED ENTRY--TOPICAL TERM
Topical term or geographic name as entry element Medicine, Psychosomatic.
9 (RLIN) 4334
942 ## - ADDED ENTRY ELEMENTS (KOHA)
Source of classification or shelving scheme Dewey Decimal Classification
Koha item type Books
Holdings
Lost status Source of classification or shelving scheme Damaged status Not for loan Collection code Permanent Location Current Location Shelving location Date acquired Source of acquisition Total Checkouts Full call number Date last seen Copy number Koha item type
  Dewey Decimal Classification   Not For Loan Non-fiction Central Library, University of Rajshahi Central Library, University of Rajshahi Reading Room 09/04/1962 Asia Foundation   616.8 DUM 1948 25/11/2013 C-1 Books